|
|
|
|
| LEADER |
00680cam a2200193 7i4500 |
| 001 |
0000039041 |
| 005 |
20151104090000.0 |
| 005 |
##20151104150200.0 |
| 003 |
##MY-KlINT |
| 020 |
# |
# |
|a 9789678922470 (kkt.) ; RM45.00
|
| 039 |
# |
9 |
|y 201511041502
|z VLOAD
|
| 090 |
0 |
0 |
|a 344.59504232
|b MAL
|
| 110 |
0 |
# |
|a Malaysia
|
| 245 |
0 |
0 |
|a Akta Makanan 1983 (Akta 281) & Peraturan-Peraturan :
|b (hingga 20hb Februari 2012) /
|c disusun oleh Lembaga Penyelidikan Undang-Undang.
|
| 260 |
# |
# |
|a Petaling Jaya:
|b International Law Book Services,
|c 2012.
|
| 300 |
# |
# |
|a 494ms;
|c 24cm.
|
| 490 |
0 |
# |
|a Undang-undang Malaysia
|
| 650 |
# |
0 |
|a Food law and legislation --
|z Malaysia
|
| 710 |
0 |
# |
|a Lembaga Penyelidikan Undang-Undang
|